Fundamentos de fisiología del ejercicio y del entrenamiento
Uloženo v:
| Hlavní autor: | |
|---|---|
| Médium: | Kniha |
| Jazyk: | španělština |
| Vydáno: |
Barcelona
Barcanova
1990
|
| Edice: | Temas universitarios
|
| Témata: | |
| Tagy: |
Přidat tag
Žádné tagy, Buďte první, kdo vytvoří štítek k tomuto záznamu!
|
MARC
| LEADER | 00000nam a2200000 a 4500 | ||
|---|---|---|---|
| 001 | UCW5812 | ||
| 003 | CL-VaPUC | ||
| 008 | 910812e19900000SP |||||||||||||||||spa|d | ||
| 082 | 0 | 4 | |a 612.044 |b BAR |2 21 |
| 100 | 0 | |a Barbany, Joan Ramón |e author |9 310833 | |
| 245 | 1 | 0 | |a Fundamentos de fisiología del ejercicio y del entrenamiento |
| 300 | |a 397 p | ||
| 942 | |c BK | ||
| 945 | |d 19910812 00:00:00 | ||
| 260 | |a Barcelona |b Barcanova |c 1990 | ||
| 650 | 0 | |a Deportes |9 224367 | |
| 650 | 0 | |a Aspectos fisiológicos |9 305299 | |
| 650 | 7 | |a EJERCICIO |2 CL-VaPUC |9 310040 | |
| 583 | |a last modification |c 19910812 00:00:00 |k Rodrigo Vera | ||
| 490 | 0 | |a Temas universitarios | |
| 999 | |c 219132 |d 219130 | ||
| 952 | |0 0 |1 0 |4 0 |6 612_044000000000000_BAR_1990 |7 0 |8 A |9 209678 |a BIBEDU |b BIBEDU |d 2019-11-15 |i 2775697 |l 1 |o 612.044 BAR 1990 |p 2775697 |r 2021-12-22 |s 2021-12-22 |w 2019-11-15 |y BK |k EDU | ||